<?xml version="1.0" encoding="UTF-8"?>
<record
    xmlns:xsi="http://www.w3.org/2001/XMLSchema-instance"
    xsi:schemaLocation="http://www.loc.gov/MARC21/slim http://www.loc.gov/standards/marcxml/schema/MARC21slim.xsd"
    xmlns="http://www.loc.gov/MARC21/slim">

  <leader>00790nas a22002057a 4500</leader>
  <controlfield tag="005">20260603152320.0</controlfield>
  <controlfield tag="008">260529b19901998porf||p| ||||f00| z0por d</controlfield>
  <datafield tag="040" ind1=" " ind2=" ">
    <subfield code="c">BR-ViAPE</subfield>
  </datafield>
  <datafield tag="245" ind1=" " ind2=" ">
    <subfield code="a">Revista de Hist&#xF3;ria</subfield>
  </datafield>
  <datafield tag="260" ind1=" " ind2=" ">
    <subfield code="a">Vit&#xF3;ria</subfield>
    <subfield code="b">Universidade Federal do Esp&#xED;rito Santo, Centro de Estudos Gerais, Departamento de Hist&#xF3;ria.</subfield>
    <subfield code="c">1990-1998</subfield>
  </datafield>
  <datafield tag="300" ind1=" " ind2=" ">
    <subfield code="a">v.</subfield>
    <subfield code="b">il.</subfield>
  </datafield>
  <datafield tag="310" ind1=" " ind2=" ">
    <subfield code="a">Semestral</subfield>
  </datafield>
  <datafield tag="362" ind1=" " ind2=" ">
    <subfield code="a">n. 1 (1990) - n. 7 (1999). </subfield>
  </datafield>
  <datafield tag="500" ind1=" " ind2=" ">
    <subfield code="a">Cole&#xE7;&#xE3;o incompleta: dispon&#xED;veis apenas alguns n&#xFA;meros do peri&#xF3;dico. </subfield>
  </datafield>
  <datafield tag="650" ind1=" " ind2=" ">
    <subfield code="a">Hist&#xF3;ria</subfield>
    <subfield code="x">Artigos</subfield>
    <subfield code="x">Pol&#xED;tica Social</subfield>
    <subfield code="z">Esp&#xED;rito Santo</subfield>
  </datafield>
  <datafield tag="651" ind1=" " ind2=" ">
    <subfield code="a">Esp&#xED;rito Santo (Brasil)</subfield>
    <subfield code="v">Peri&#xF3;dicos</subfield>
  </datafield>
  <datafield tag="710" ind1=" " ind2=" ">
    <subfield code="a">Universidade Federal do Esp&#xED;rito Santo, Centro de Estudos Gerais, Departamento de Hist&#xF3;ria.</subfield>
  </datafield>
  <datafield tag="942" ind1=" " ind2=" ">
    <subfield code="2">ddc</subfield>
    <subfield code="c">PER</subfield>
    <subfield code="n">1</subfield>
  </datafield>
  <datafield tag="999" ind1=" " ind2=" ">
    <subfield code="c">732</subfield>
    <subfield code="d">732</subfield>
  </datafield>
  <datafield tag="952" ind1=" " ind2=" ">
    <subfield code="0">0</subfield>
    <subfield code="1">0</subfield>
    <subfield code="2">ddc</subfield>
    <subfield code="4">0</subfield>
    <subfield code="7">0</subfield>
    <subfield code="a">HDIG.APEES</subfield>
    <subfield code="b">HDIG.APEES</subfield>
    <subfield code="d">2026-05-29</subfield>
    <subfield code="l">0</subfield>
    <subfield code="r">2026-05-29 11:06:28</subfield>
    <subfield code="w">2026-05-29</subfield>
    <subfield code="y">PER</subfield>
  </datafield>
</record>
